Terminal operations

Zapisane w:
Opis bibliograficzny
Format: Książka
Język:angielski
Wydane: Surrey Cargo Systems International 1989
Hasła przedmiotowe:
Etykiety: Dodaj etykietę
Nie ma etykietki, Dołącz pierwszą etykiete!

MARC

LEADER 00000nam a2200000 a 4500
001 UCV4817
003 CL-VaPUC
008 930426e19890000UK |||||||||||||||||eng|d
082 0 4 |a 387.5442  |b TER  |2 21 
245 1 0 |a Terminal operations 
300 |a 232 p 
942 |c BK 
945 |d 19930426 00:00:00 
260 |a Surrey  |b Cargo Systems International  |c 1989 
650 0 |a Transporte marítimo  |9 260127 
650 7 |a TRANSPORTE EN CONTENEDORES  |2 CL-VaPUC  |9 299005 
650 7 |a CARGA MARITIMA  |2 CL-VaPUC  |9 255552 
583 |a last modification  |c 20120511 07:17:33  |k Rodrigo Vera 
999 |c 211486  |d 211484 
952 |0 0  |1 0  |4 0  |6 387_544200000000000_TER_1989  |7 0  |8 A  |9 190845  |a BIBING  |b BIBING  |d 2019-11-14  |i 2585111  |o 387.5442 TER 1989  |p 2585111  |r 2025-01-20  |w 2019-11-14  |y BK  |k TRA